000 00899nam a2200337 a 4500
003 AR-BaBNM
005 20251128205715.0
008 082120s2002 ||||||||||||||000 | spa||
020 _a968-23-1325-2
040 _cAR-BaBNM
100 1 _aDerrida, Jacques
245 0 0 _aLa tarjeta postal
_bde Freud a Lacan y más allá
250 _a1ª ed.
260 _aMéxico, D.F.
_bSiglo Veintiuno
_c1986
300 _a252 p.
490 0 _aPsicología y etología
650 4 _aTEORIA LITERARIA
650 4 _aFILOSOFIA CONTEMPORANEA
650 4 _aCRITICA LITERARIA
650 4 _aENSAYO
650 4 _aLITERATURA FRANCESA
650 4 _aPSICOANALISIS
650 4 _aFILOSOFOS
650 4 _aFILOSOFIA LITERARIA
653 _aCRITICA FILOSOFICA
655 _aLITERATURA
700 1 _aSegovia, Tomás
_etraductor
800 1 _aSuárez, Armando
_edirector
942 _cBK
998 _cMARTIN
999 _c12489
_d12489